The revolt in central india 1857-59 / (Record no. 185742)

000 -LEADER
fixed length control field 01038 a2200181 4500
003 - CONTROL NUMBER IDENTIFIER
control field NUST
005 - DATE AND TIME OF LATEST TRANSACTION
control field 20221227124628.0
040 ## - CATALOGING SOURCE
Transcribing agency Nust
082 ## - DEWEY DECIMAL CLASSIFICATION NUMBER
Classification number 355.02,THE
100 ## - MAIN ENTRY--PERSONAL NAME
Personal name Intelligence Branch
9 (RLIN) 106042
245 ## - TITLE STATEMENT
Title The revolt in central india 1857-59 /
Statement of responsibility, etc. Intelligence Branch
260 ## - PUBLICATION, DISTRIBUTION, ETC.
Place of publication, distribution, etc. Government Monotype Press
Name of publisher, distributor, etc. India
Date of publication, distribution, etc. 1908
300 ## - PHYSICAL DESCRIPTION
Extent xxi, 277 p.;
Other physical details illus
Dimensions 24 cm
505 ## - FORMATTED CONTENTS NOTE
Formatted contents note Introduction (page-xiii) central India (Page-1), Jhansi and Bundelkhand (Page-15), The Saugor and Narbada Territories (Page-33), The Mutinies in Rajputana (Page-49), The Situation in Central India in August 1857(Page-63), Sir Hugh Roses Campaign in Central India (Page-75), Sir Hugh Campaign in Central India (Page-121), The Gwalior Campaign (Page-147), General Whitlock’s Operations and The Pacification of Bundelelkhand (Page-171), The Campaign in Rajputana (Page-193), The Pursuit of Tantia Topi (Page-205).
600 ## - SUBJECT ADDED ENTRY--PERSONAL NAME
Personal name Intelligence Branch
9 (RLIN) 106042
650 ## - SUBJECT ADDED ENTRY--TOPICAL TERM
Topical term or geographic name entry element The revolt in central india 1857-59
9 (RLIN) 106043
942 ## - ADDED ENTRY ELEMENTS (KOHA)
Source of classification or shelving scheme
Koha item type Book
Call number prefix 355.02,THE
Holdings
Withdrawn status Lost status Source of classification or shelving scheme Damaged status Not for loan Permanent Location Current Location Shelving location Date acquired Full call number Barcode Date last seen Price effective from Koha item type Public note
          Military College of Signals (MCS) Military College of Signals (MCS) General Stacks 12/12/2016 355.02,THE MCS29269 12/08/2016 12/12/2016 Book Almirah No.52, Shelf No.4
© 2023 Central Library, National University of Sciences and Technology. All Rights Reserved.